000 00481nam a2200181Ia 4500
001 4779
005 20260306145820.0
008 260306t2017||||xx |||||||||||||| ||spa||
041 _aESP
082 _a330.072
_bB22 V. 1
100 _aBanerjee, Abhijit Vinayak
_eAUT
245 0 _aHandbook of economic field experiments:
_bHandbook of field experiments
260 _c2017
300 _axv, 511 páginas :
_c24 cm.
650 _aGEN
654 _aCAN
942 _cLIB
_dJUS
_fJUS
_2ddc
_n
999 _c4779
_d4779